Echecs - Trouvez l'échec et mat en 1 coup #2 - Statistiques

Statistiques générales
  • Ce quiz a été pris 54 fois
    34 depuis la dernière actualisation
  • Le résultat moyen est 11 sur 12
Statistiques - réponses
Par images Hint Réponse % Correct
Trait au blanc Cavalier F6
100%
Trait au noir Dame H4
96%
Trait au blanc Poin H5
96%
Trait au noir Tour A3
96%
Trait au blanc Cavalier D5
92%
Trait au noir Dame F3
92%
Trait au blanc Fou B5
92%
Trait au noir Pion H4
92%
Trait au noir Fou G2
88%
Trait au noir Pion C3
88%
Trait au noir Fou A3
77%
Trait au blanc Dame B3
58%
Aucun quiz correspondant
Distribution des résultats
% des personnes avec chaque résultat
Percentile par nombre de réponses
Votre historique - résultats
Vous n’avez pas pris ce quiz depuis la dernière actualisation